00000000nam 2200000za 4500
0019.644495
003CaOODSP
00520210615112511
007ta
008150407s1992||||xxc|||||     f|0| 0 eng d
020 |a0-8020-5022-0
040 |aCaOODSP|beng
043 |an-cn---
0861 |aSA2-228/1991E
1102 |aNational Archives of Canada.
24510|aTreasures of the National Archives of Canada
260 |aToronto - Ontario : |bNational Archives of Canada |c1992.
300 |a368p. : |billus. (some coloured) ; |c31 cm.
500 |aContents: Charting the waters, mapping the land, designing its structures: cartographic, architectural, and engineering records.--Canada through the artist's eye: documentary art records.--The stages of a postage stamp: philatelic records.--The official record of Canada's past: government records.--The private record of Canada's past: manuscripts and private records.--Tracing ancestors: genealogical records.--Technologies of the twentieth century: moving image and sound records.--Canada through the camera: photographic records.--Preserving the record of the past.--Index. Co-published by the University of Toronto Press in cooperation with the National Archives of Canada and the Canada Communications Group - Publishing, Supply and Services Canada. Also available from the University of Toronto Press.
5203 |aBrings together a selection of some of the most valued documents of Canada’s past.
563 |aClothbound
590 |a92-36|b1992-09-04
77508|tTrésors des Archives nationales du Canada |w(CaOODSP)9.678332
7760#|tTreasures of the National Archives of Canada / |w(CaOODSP)9.889711